| 000 | 00466nam a2200181Ia 4500 | ||
|---|---|---|---|
| 005 | 20250423100517.0 | ||
| 008 | 250422s9999 xx 000 0 und d | ||
| 020 | _a0874847699 | ||
| 050 | _aBD 21 .M62/ | ||
| 100 | _aMoore, Brooke Noel. | ||
| 245 | 0 | _aPhilosophy : the power of ideas | |
| 260 | _aMountain View | ||
| 260 | _bMayfield Pub. Co | ||
| 260 | _cc1990 | ||
| 300 | _a625 p | ||
| 650 | _aPhilosophy_Introductions. Philosophy_History. | ||
| 942 | _cBK | ||
| 999 |
_c33527 _d33527 |
||